| 000 | 00639cam a2200241 4500 | ||
|---|---|---|---|
| 008 | 000000n2000 000 0 eng u | ||
| 020 | _a1898261490 | ||
| 035 | _a(Sirsi) u113522 | ||
| 050 | _a711.73 | ||
| 110 |
_aEnglish Historic Towns Forum _92930 |
||
| 245 | _aBus-based park & ride : a good practice guide. | ||
| 250 | _a2nd ed. | ||
| 260 |
_aLondon _bEnglish Historic Towns Forum _c2000 |
||
| 300 | _a85p. ; 30cm. | ||
| 350 | _a31.99 | ||
| 650 | _aPLANNING | ||
| 650 | _aTRANSPORT | ||
| 650 | _aTOWN CENTRES | ||
| 650 | _aPARKING | ||
| 650 | _aLOCAL TRANSPORT | ||
| 690 | _aTRANSPORT AND COMMUNICATIONS | ||
| 942 | _n0 | ||
| 999 |
_c101529 _d101529 |
||